Zur Neuorientierung der staatlichen Schuldenpolitik
Salvato in:
| Autore principale: | |
|---|---|
| Natura: | Libro |
| Lingua: | tedesco |
| Pubblicazione: |
Kiel
Institut für Weltwirtschaft
1981
|
| Tags: |
Nessun Tag, puoi essere il primo ad aggiungerne!!
|
MARC
| LEADER | 00000nam a2200000 4500 | ||
|---|---|---|---|
| 001 | c137888 | ||
| 005 | 20041019155311.4 | ||
| 041 | 0 | |a ger | |
| 044 | |a DE | ||
| 245 | 1 | 0 | |a Zur Neuorientierung der staatlichen Schuldenpolitik |c Harmen Lehment |
| 264 | 1 | |a Kiel |b Institut für Weltwirtschaft |c 1981 | |
| 300 | |a 24 s. | ||
| 100 | 1 | |a Lehment, Harmen | |